| Registos Bibliográficos associados ao registo de autoridade |
|
Etiqueta de registo: 00254nam 2200025 450 001 2279499 003 http://id.bnportugal.gov.pt/bib/catbnp/2279499 100 ## $a20260312d2025 k y0pory01030103ba 101 0# $apor$deng 102 ## $aPT 105 ## $aa m 000yy 106 ## $ar 200 1# $aNovos sistemas eutécticos profundos para aplicações sustentáveis na engenharia$dNovel deep eutetic systems for sustainable engineering applications$fGabriel Teixeira Santos$gorient. João Manuel da Costa e Araújo Pereira Coutinho, Maria Olga de Amorim e Sá
Ferreira$zeng 210 #9 $aAveiro$c[s.n.],$d2025 215 ## $aXXXII, 209 p.$cil.$d30 cm 300 ## $aAcesso não autorizado por um periodo de 1 ano 328 #1 $aTese dout. Engenharia Química, Universidade de Aveiro, 2025 510 1# $aNovel deep eutetic systems for sustainable engineering applications$zeng 675 ## $a66.09(043)$vBN$zpor$31234055 675 ## $a544.35(043)$vBN$zpor$31295826 700 #1 $aSantos,$bGabriel Teixeira$31990902 702 #1 $aCoutinho,$bJoão Manuel da Costa Araújo Pereira$4727$31468470 702 #1 $aFerreira,$bMaria Olga de Amorim e Sá$4727$31193691 801 #0 $aPT$bBN$gRPC 966 ## $lBN$mFGMON$sS.A. 193558 V.$x1 971 ## $cisantos$d20260312 972 ## $e0$z0$d20260423$vasantos 973 ## $cigoulao$d20260414
|
|
|